Explicaciones de texto /

Bibliographic Details
Main Author: Miller, Royce W., 1927-
Format: Book
Language:Spanish
Published: Ann Arbor, Mich. : Published for Gordon College by University Microfilms International, 1977.
Series:Monograph publishing on demand : Sponsor series
Subjects:

MARC

Tag First Indicator Second Indicator Subfields
LEADER 00000pam a2200000 i 4500
001 in00000596113
005 20151014165112.0
008 770823s1977 miu 00010 spa
010 |a  77070176  
020 |a 0835701972 :  |c $10.00 
035 |a (OCoLC)03273623 
035 |9 ACS4563AM 
040 |a DLC  |c DLC  |d TXA  |d UtOrBLW 
043 |a e-sp--- 
049 |a TXAM  |c [1400070] 
050 0 0 |a PQ6014  |b .M5 
082 0 |a 860/.9 
100 1 |a Miller, Royce W.,  |d 1927- 
245 1 0 |a Explicaciones de texto /  |c Royce W. Miller. 
264 1 |a Ann Arbor, Mich. :  |b Published for Gordon College by University Microfilms International,  |c 1977. 
300 |a vii, 136 pages ;  |c 23 cm. 
336 |a text  |b txt  |2 rdacontent 
337 |a unmediated  |b n  |2 rdamedia 
338 |a volume  |b nc  |2 rdacarrier 
490 0 |a Monograph publishing on demand : Sponsor series 
505 0 |a La Edad Media: Poema del Cid.--Un poema mistico: Noche oscura del alma, por San Juan de la Cruz.--El romancero: Romance del conde Arnaldos.--Un drama del siglo de oro: El alcalde de Zalamea, por Calderon de la Barca.--Una novela del siglo de oro: Historia de la vida del buscon, por F. de Quevedo Villegas.--Un poema gongorista: Las soledades, por Luis de Argote y Gongora.--Un drama romantico: Don Alvaro, o, La fuerza del sino, por el duque de Rivas.--El costumbrismo: Vuelva usted manana, por Mariano Jose de Larra.--Torquemada en la hoguera, por Benito Perez Galdos.--Un poema por un miembro de la generacion del '98 sobre uno de sus precursores: A don Francisco Giner de los Rios, por Antonio Machado.--Un ensayista de la generacion del '98: El caballero del verde gaban, por Azorin (Jose Martinez Ruiz).--Un pensador de la generacion del '98: Idearium espanol, por Angel Ganivet.--Una voz contemporanea: Baladilla de los tres rios, por Federico Garcia Lorca. 
650 0 |a Spanish literature  |x Explication. 
999 |a MARS 
999 f f |s 9e02c723-190f-36d6-9c75-c4480d81b751  |i 936b4b85-11fd-32a9-9fae-c23ef8675dda  |t 0 
952 f f |p ric  |a Texas A&M University  |b Rellis Campus  |c Joint Library Facility  |d Remote Storage  |t 0  |e PQ6014 .M5  |h Library of Congress classification  |i unmediated -- volume  |m A14803797263 
998 f f |a PQ6014 .M5  |t 0  |l Remote Storage